000 00848nam a2200277 i 4500
001 bg
100 1 _aBŁOCKI, Witold
245 1 0 _aBezpieczeństwo statecznościowe statku w sytuacjach rezonansowych /
_cWitold Błocki.
260 _aGdańsk :
_bWydaw. PG,
_c2000.
300 _a96, [1] s. :
_bil. ;
_c24 cm.
490 1 _aMonografie / Politechnika Gdańska ;
_v19
500 _aStreszcz. ang.
504 _aBibliogr.
650 9 _aFale
_xhydrologia
650 9 _aPrawdopodobieństwo
_xstosowanie
_xtechnika
650 9 _aStateczność
_xzagadnienia
650 9 _aStatki
_xbezpieczeństwo
830 0 _aMonografie (Politechnika Gdańska) ;
_v19
020 _a8388007610
040 _cBPK
041 0 _apl
_ben
080 _a629.5.067:532.5:519.2
920 _a83-88007-61-0
942 _cKS
008 s pl f |000 0 pol
999 _c39533
_d39533
856 _uhttp://koha.tu.koszalin.pl/cgi-bin/koha/opac-detail.pl?biblionumber=39533
_yKatalog online BPK